Rappers By Rap Album - Statistics

General Stats
  • This quiz has been taken 146 times
  • The average score is 25 of 52
Answer Stats
Album Year Artist % Correct
The Marshall Mathers LP 2000 Eminem
87%
good kid, m.A.A.d. city 2012 Kendrick Lamar
86%
All Eyez On Me 1996 2Pac
84%
Take Care 2011 Drake
82%
Tha Carter III 2008 Lil Wayne
80%
Ready to Die 1994 Notorious B.I.G.
80%
Rodeo 2015 Travis Scott
79%
Late Registration 2005 Kanye West
78%
Illmatic 1994 Nas
76%
Get Rich Or Die Tryin 2003 50 Cent
75%
The Chronic 1992 Dr. Dre
75%
2014 Forest Hills Drive 2014 J. Cole
75%
Straight Outta Compton 1988 N.W.A.
72%
Whole Lotta Red 2020 Playboi Carti
72%
HEROES & VILLAINS 2022 Metro Boomin
71%
The Blueprint 2001 Jay-Z
70%
Enter The Wu-Tang (36 Chambers) 1993 Wu-Tang Clan
70%
Luv is Rage 2 2017 Lil Uzi Vert
66%
Flower Boy 2017 Tyler, the Creator
66%
All-Amerikkkan Bada$$ 2017 Joey Bada$$
61%
i am > i was 2018 21 Savage
59%
Madvillainy 2004 MF DOOM and Madlib as Madvillain
57%
DS2 2015 Future
53%
Death Certificate 1991 Ice Cube
53%
Culture 2017 Migos
53%
The Melodic Blue 2021 Baby Keem
52%
Aquemini 1998 OutKast
45%
The Forever Story 2022 JID
44%
Because the Internet 2013 Childish Gambino
42%
DAYTONA 2018 Pusha-T
38%
Low End Theory 1991 A Tribe Called Quest
36%
Mama Said Knock You Out 1990 LL Cool J
33%
Licensed To Ill 1986 Beastie Boys
32%
SremmLife 2 2016 Rae Sremmurd
32%
So Much Fun 2019 Young Thug
32%
It's Dark and Hell is Hot 1998 DMX
31%
Paid in Full 1987 Eric B. and Rakim
31%
Liquid Swords 1995 GZA
29%
The Infamous 1995 Mobb Deep
27%
It Takes a Nation of Millions to Hold Us Back 1988 Public Enemy
27%
Piñata 2014 Freddie Gibbs and Madlib
26%
Raising Hell 1986 Run-D.M.C.
23%
The Score 1996 Fugees
20%
Supa Dupa Fly 1997 Missy Elliott
20%
Black On Both Sides 1999 Mos Def
20%
Teflon Don 2010 Rick Ross
19%
Sometimes I Might Be Introvert 2021 Little Simz
18%
Only Built 4 Cuban Linx... 1995 Raekwon
17%
3 Feet High and Rising 1989 De La Soul
14%
Food and Liquor 2006 Lupe Fiasco
14%
Tana Talk 4 2022 Benny the Butcher
10%
You Still Here, Ho? 2022 Flo Milli
10%
No matching quizzes found
Score Distribution
Percent of People with Each Score
Percentile by Number Answered
Your Score History
You have not taken this quiz